Southville International School and Colleges
Your cart is empty.
  • Cart
  • Lists
    Public lists Eva Luna New books Lux_list list_1
    Your lists Log in to create your own lists
  • Log in to your account
  • Your cookies
  • Search history
Southville International School and Colleges
  • Advanced search
  • Recent comments
  • Most popular
  • Libraries

Log in to your account

Log in with GOOGLE


If you do not have an external account, but do have a local account, you can still log in:

  1. Home
  2. MARC view: Dixie city jam /
Normal view MARC view ISBD view

Dixie city jam / (Record no. 20063)

[ view plain ]
MARC details
000 -LEADER
fixed length control field 00408nam a2200157 a 4500
005 - DATE AND TIME OF LATEST TRANSACTION
control field 20140310183208.0
008 - FIXED-LENGTH DATA ELEMENTS--GENERAL INFORMATION
fixed length control field 030207s19uu xx 00 eng d
050 ## - LIBRARY OF CONGRESS CALL NUMBER
Classification number PS 3552
Item number .B959 1994
100 ## - MAIN ENTRY--PERSONAL NAME
Personal name Burke, James Lee
245 ## - TITLE STATEMENT
Title Dixie city jam /
Statement of responsibility, etc James Lee Burke.
260 ## - PUBLICATION, DISTRIBUTION, ETC. (IMPRINT)
Place of publication, distribution, etc Great Britain :
Name of publisher, distributor, etc Orion,
Date of publication, distribution, etc 1994.
300 ## - PHYSICAL DESCRIPTION
Extent 367 p. :
Dimensions 18 cm.
650 ## - SUBJECT ADDED ENTRY--TOPICAL TERM
Topical term or geographic name as entry element Fiction
942 ## - ADDED ENTRY ELEMENTS (KOHA)
Koha item type Books
Source of classification or shelving scheme Library of Congress Classification
Holdings
Withdrawn status Lost status Source of classification or shelving scheme Damaged status Home library Current library Shelving location Date acquired Total Checkouts Full call number Barcode Date last seen Copy number Price effective from Koha item type
    Library of Congress Classification   College Library College Library Fiction Section 10/14/2010   PS 3552 .B959 1994 C2016 05/08/2018 1 10/10/2013 Books

Dixie city jam /

APA

Burke J. L., . (1994). Dixie city jam. Great Britain: Orion.

Chicago

Burke James Lee, . 1994. Dixie city jam. Great Britain: Orion.

Harvard

Burke J. L., . (1994). Dixie city jam. Great Britain: Orion.

MLA

Burke James Lee, . Dixie city jam. Great Britain: Orion. 1994.

  • Place hold
  • Print
  • Cite
  • Add to your cart (remove)
  • Save record
    BIBTEX Dublin Core MARCXML MARC (non-Unicode/MARC-8) MARC (Unicode/UTF-8) MARC (Unicode/UTF-8, Standard) MODS (XML) RIS
  • More searches
    Search for this title in:
    Other Libraries (WorldCat) Other Databases (Google Scholar) Online Stores (Bookfinder.com) Open Library (openlibrary.org)

Exporting to Dublin Core...

SOUTHVILLE LIBRARY

Southville International School and Colleges Library

1281 Tropical Ave. Cor. Luxembourg St., BF Homes International, Las Pinas City

Tel. No. 8256374 / 252358 Loc. 117/146

Powered by Koha